000 00873nam a2200277 a 4500
001 BRCA_2744
005 20190320203941.0
008 041208s1952----sp-a---###---#000-0#spa-u
041 _aspa
044 _asp
050 4 _aNK4123
_b.A77 1952
245 1 0 _ahistoria universal del arte hispánico
_bcerámica y vidrio
_cJuan Ainaud de Lasarte.
260 _aMadrid
_bPlus-Ultra
_c1952
300 _a420 p.
_bil.
_c28 cm.
440 0 _aArs Hispaniae
_n10
_97730
500 _aIncluye índice geográfico, índice onomástico, índice de materias y adiciones y correcciones
500 _aEjemplar igual a T64
500 _aAA67
504 _aBibliografía: p. 399-408
650 1 4 _aVidrio
_zEspaña
_97731
650 1 4 _aCerámica
_zEspaña
_97732
650 1 4 _aVidrieras de colores
_zEspaña
_97733
650 1 4 _aVidrio
_xHistoria
_97734
902 _aGFM
942 _2lcc
_cB
999 _c2484
_d2484